| 000 | 00474nam a2200157Ia 4500 | ||
|---|---|---|---|
| 008 | 220803s9999 xx 000 0 und d | ||
| 041 | _aeng | ||
| 082 | _a720.47 IST | ||
| 100 |
_aIST Pub. _928398 |
||
| 245 | _a2nd International Conference On Environmental Management | ||
| 260 |
_aHyderabad _bCentre For Environment Institute Of Science And Te _c2010 |
||
| 300 | _a97p | ||
| 500 | _aEnvironment | ||
| 650 |
_aEnvironmental Architecture _928399 |
||
| 700 |
_aIST Pub. _928398 |
||
| 999 |
_c17987 _d17987 |
||